The penguin international dictionary of finance /

Saved in:
Bibliographic Details
Main Authors: Bannock, Graham (Author), Manser, William (Author)
Format: Book
Language:English
Published: London : Pinguin Group, 1989
Edition:1.vyd.
Tags: Add Tag
No Tags, Be the first to tag this record!

MARC

LEADER 00000nam a22000003a 4500
001 stu6572
005 20150617225807.8
008 940921s1989----uk------------------eng-d
020 |a 0-14-051142-3 
040 |a STU  |b slo 
041 0 |a eng 
044 |a uk 
080 |a 801.316.4  |7 4969 
080 |a 658.6/.8(038) 
100 1 |a Bannock, Graham  |4 aut 
245 1 |a The penguin international dictionary of finance /  |c [aut.] Bannock,Graham; Manser,William 
250 |a 1.vyd. 
260 |a London :  |b Pinguin Group,  |c 1989 
300 |a 220 s 
700 1 |a Manser, William  |4 aut 
996 |b E79165  |c R*79165  |l RRUM  |s A  |a 24  |w stu6572_0001 
996 |b E79917  |c E*79917  |l EE18  |s P  |a 0  |w stu6572_0002